Well-Known Movie by Tough Image Quiz Stats

 Plays Quiz Updated Mar 26, 2015

Challenge
Share
Tweet
Score 0/24 Timer 08:00
5 Plays Today
% Correct
The Wizard of Oz
80.8%
Avatar
80.3%
Shrek
63.8%
The Hunger Games: Catching Fire
62%
The Silence of the Lambs
61.9%
The Shawshank Redemption
59.3%
Forrest Gump
57.6%
The Truman Show
56.9%
Independence Day
53.3%
The Dark Knight
50.5%
Home Alone
48.6%
Gladiator
48.3%
% Correct
Edward Scissorhands
45.6%
Inglourious Basterds
44.2%
Happy Gilmore
39.4%
The Lord of the Rings: The Fellowship of the Ring
39.3%
Beauty and the Beast
37.2%
Superbad
36.2%
Psycho
33.5%
No Country for Old Men
32.2%
The Shining
31.3%
Casino Royale
27.8%
The Hangover
26%
Life of Pi
14.9%

You're not logged in!

Compare scores with friends on all Sporcle quizzes.
OR
Log In

You Might Also Like...

Show Comments

Extras

Top Quizzes Today


Score Distribution

Your Account Isn't Verified!

In order to create a playlist on Sporcle, you need to verify the email address you used during registration. Go to your Sporcle Settings to finish the process.

Report this User

Report this user for behavior that violates our Community Guidelines.

Details: